Palabra de la muerte / (Registro nro. 14854)
[ vista simple ]
| 000 -LIDER | |
|---|---|
| fixed length control field | 00805cam a2200265 a 4500 |
| 001 - NÚMERO DE CONTROL | |
| Identificador de número de control | 000005103 |
| 003 - IDENTIFICACDOR DE NÚMERO DE CONTROL | |
| control field | DO-SdBNP |
| 005 - DATE AND TIME OF LATEST TRANSACTION | |
| control field | 20241111084620.0 |
| 008 - ELEMENTOS DE LONGITUD FIJA | |
| fixed length control field | 991125s1998 dr r 000 0 spa |
| 010 ## - NUMERO DE CONTROL DE BIBLIOTECA DEL CONGRESO | |
| LC control number | 00436085 |
| 020 ## - ISBN | |
| International Standard Book Number | 9803451901 |
| 040 ## - FUENTE DE CATALOGACIÓN | |
| Agencia que crea de manera original el registro | DO-SdBPM |
| Idioma de catalogación | spa |
| Agencia que realiza la transcripción | BPMSU |
| 082 #4 - NÚMERO DE CLASIFICACIÓN DECIMAL DE DEWEY | |
| Classification number | Cu861.44 |
| Item number | G643p 1998 |
| Edition number | 22 |
| 100 1# - ASIENTO PRINCIPAL -- NOMBRE PERSONAL | |
| Nombre personal | González, Daniuska, |
| Fechas asociadas con el nombre | 1967- |
| 245 10 - MENCIÓN DE TITULO | |
| Título | Palabra de la muerte / |
| Mención de responsabilidad | Daniuska Gonzalez González. |
| 260 ## - PUBLICACIÓN, DISTRIBUCIÓN, ETC. (PIE DE IMPRENTA) | |
| Lugar de publicación, distribución, etc | Santo Domingo : |
| Nombre del editor, distribuidor, etc. | Editorial Gente, |
| Fecha de publicación, distribución, etc | 1998 |
| 300 ## - DESCRIPCIÓN FÍSICA | |
| Extensión | 66 p. |
| Dimensiones | 22 cm. |
| 490 0# - MENCIÓN DE SERIES | |
| Mención de serie | Estapacios culturales, |
| Volume/sequential designation | 4 |
| 500 ## - NOTA GENERAL | |
| Nota general | Incluye datos biográficos de la autora en la solapa de la cubierta. |
| 590 ## - NOTA LOCAL | |
| Texto de la nota local | Inventarido, 2024/VM |
| 650 #4 - ENCABEZAMIENTO DE MATERIA--TEMÁTICO | |
| Término temático o nombre geográfico como elemento de entrada | Poesía cubana |
| 650 #4 - ENCABEZAMIENTO DE MATERIA--TEMÁTICO | |
| Término temático o nombre geográfico como elemento de entrada | Literatura cubana |
| 910 ## - VALIDACIÓN | |
| Validación | VMateo V. Control de calidad |
| 942 ## - ADDED ENTRY ELEMENTS (KOHA) | |
| Source of classification or shelving scheme | Dewey Decimal Classification |
| Koha item type | Libros |
| Withdrawn status | Lost status | Source of classification or shelving scheme | Damaged status | Not for loan | Collection code | Home library | Current library | Date acquired | Total Checkouts | Full call number | Barcode | Date last seen | Price effective from | Koha item type |
|---|---|---|---|---|---|---|---|---|---|---|---|---|---|---|
| Dewey Decimal Classification | Colección Dominicana | Biblioteca Pública Metropolitana Salomé Ureña | Biblioteca Pública Metropolitana Salomé Ureña | 11/11/2024 | BPMSU CD Cu861.44 G643p 1998 | BPMSU24110018 | 11/11/2024 | 11/11/2024 | Libros |